Vista normal Vista MARC

Entrada Topical Term

Número de registros utilizados en: 1

001 - CONTROL NUMBER

  • control field: 43027

003 - CONTROL NUMBER IDENTIFIER

  • control field: OSt

005 - DATE AND TIME OF LATEST TRANSACTION

  • control field: 20231214154325.0

008 - FIXED-LENGTH DATA ELEMENTS

  • fixed length control field: 231214|| aca||aabn | a|a d

040 ## - CATALOGING SOURCE

  • Original cataloging agency: OSt
  • Transcribing agency: OSt

150 ## - HEADING--TOPICAL TERM

  • Topical term or geographic name entry element: Navidad
  • Form subdivision: Novela

670 ## - SOURCE DATA FOUND

  • Source citation: Work cat.: (OSt)30033: Grisham, John autor 52, Skipping Christmas / , 2001